Cambios socioeconómicos y sus incidencias en la familia, la mujer y la niñez boliviana
Guardat en:
| Autor principal: | |
|---|---|
| Format: | Llibre |
| Idioma: | espanyol |
| Publicat: |
La Paz
CERES
1983
|
| Matèries: | |
| Etiquetes: |
Afegir etiqueta
Sense etiquetes, Sigues el primer a etiquetar aquest registre!
|
MARC
| LEADER | 00000nam a2200000 a 4500 | ||
|---|---|---|---|
| 001 | UCY0278 | ||
| 003 | CL-VaPUC | ||
| 008 | 940720e19830000BO |||||||||||||||||spa|d | ||
| 082 | 0 | 4 | |a 306.85 |b BLA |2 21 |
| 100 | 0 | |a Blanes, José |e author |9 327919 | |
| 245 | 1 | 0 | |a Cambios socioeconómicos y sus incidencias en la familia, la mujer y la niñez boliviana |
| 300 | |a 32 h | ||
| 942 | |c BK | ||
| 945 | |d 19940720 00:00:00 |a rbrito | ||
| 260 | |a La Paz |b CERES |c 1983 | ||
| 650 | 0 | |a Familias |9 255641 | |
| 650 | 0 | |a Aspectos socioeconómicos |9 326578 | |
| 651 | 0 | |a Bolivia |9 255454 | |
| 583 | |a last modification |c 20180227 01:59:56 |k Rodrigo Vera | ||
| 999 | |c 229313 |d 229311 | ||
| 952 | |0 0 |1 0 |4 0 |6 306_850000000000000_BLA_1983 |7 0 |8 A |9 230254 |a BIBEDU |b BIBEDU |d 2019-11-15 |i 2989832 |o 306.85 BLA 1983 |p 2989832 |r 2019-11-15 |w 2019-11-15 |y BK |k EDU | ||